| 000 | 00517cam a22001932a 4500 | ||
|---|---|---|---|
| 001 | 025673 | ||
| 003 | AR-FADEU | ||
| 008 | 311216n2015####xxu####################dd | ||
| 020 | _a978-987-454-507 7 | ||
| 092 |
_aA863.5 _bG642h |
||
| 100 | _aGonzález Carey, Fernando | ||
| 245 | _aHombre de la meseta y otros cuentos patagónicos | ||
| 260 | _aViedma | ||
| 260 | _bDelvallebajo | ||
| 260 | _c2015 | ||
| 300 | _a145 p | ||
| 650 | _aLITERATURA ARGENTINA-CUENTOS; LITERATURA RIONEGRINA-CUENTOS | ||
| 942 | _cBDGR | ||
| 999 |
_c31358 _d31358 |
||